| 000 | 00398nam a2200157Ia 4500 | ||
|---|---|---|---|
| 008 | 230312s9999||||xx |||||||||||||| ||und|| | ||
| 020 | _a0-87113-346-6 | ||
| 082 |
_a155.633 _bJOH |
||
| 100 | _aJohnshon, Karen | ||
| 245 | 0 | _aTrusting Ourselves | |
| 260 |
_bThe Atlantic monthly press _aNew york _c1990 |
||
| 300 | _a477 | ||
| 546 | _aEng. | ||
| 650 |
_aEconomics _vpsychology of women |
||
| 942 | _cBK | ||
| 999 |
_c2740 _d2740 |
||